000 00780nam a2200277Ia 4500
003 OSt
005 20221005030304.0
006 a|||||r|||| 00| 0
007 ta
008 221004b |||||||| |||| 00| 0 eng d
020 _a052143971X
_c1411.08
024 _a81659
037 _b1724, 30/03/2005, Bharat Scientific Syndicate
_cTextual
040 _aCRL
_cCRL
_beng
041 _2eng
_aeng
082 _aR491, N3
100 _aSinger Peter
245 0 _aPractical ethics
250 _a2nd
260 _aCambridge
_bCambridge University Press U. K.
_c1993
300 _a395p.
_ccm.
650 _a PHILOSOPHY
650 _aETHICS
942 _hR491, N3
_cTEXL
_2cc
999 _c936001
_d936001